| 000 | 00685nam a22001577a 4500 | ||
|---|---|---|---|
| 003 | OSt | ||
| 005 | 20151003085700.0 | ||
| 008 | 151003b xxu||||| |||| 00| 0 eng d | ||
| 040 | _cRUA | ||
| 082 | _aAGR ROE 2012 B050 Or.1 | ||
| 100 |
_91831 _aROEM, SOMVICHEA |
||
| 245 | _aRelease of nitrogen from feace andurine of cattle fed from different diets under net house condition, ការបញ្ចេញអាសូតពីលាមក និងទឺកនោមគោបានពីចំណីផ្សេងគ្នាក្រោមលក្ខខណ្ឌផ្ទះសំណាញ់ | ||
| 260 |
_aPhnom Penh _bRUA _c2012 |
||
| 300 |
_avi; 40p. _bill. _c29cm. |
||
| 942 |
_2ddc _cAGR |
||
| 999 |
_c1728 _d1728 |
||